| 000 | 00714nam a2200241 a 4500 | ||
|---|---|---|---|
| 001 | BRCA_3938 | ||
| 005 | 20190320204502.0 | ||
| 008 | 120110s1870----mx-#######---#000-0#spa-# | ||
| 041 | _aspa | ||
| 044 | _amx | ||
| 050 | 4 |
_aF1219 _b.M46 1870 |
|
| 100 | 1 |
_aMendieta, Fray Gerónimo de _d1525-1604. _910246 |
|
| 245 | 1 | 0 |
_aHistoria eclesiástica indiana _cFray Gerónimo Mendieta. |
| 260 |
_aMéxico _bAntigua Librería _c1870 |
||
| 300 |
_a790 p. _bil. _c29 cm. |
||
| 500 | _aIncluye tabla de las casas notables. | ||
| 500 | _aC89 | ||
| 650 | 1 | 4 |
_aIndios de México _910247 |
| 651 | 4 |
_aHaití _vHistoria _yHasta 1791 _910248 |
|
| 651 | 4 |
_aMéxico _vHistoria eclesiástica _910249 |
|
| 902 | _aGFM | ||
| 942 |
_2lcc _cB |
||
| 999 |
_c3665 _d3665 |
||